Top 10 NHL Team's with the most points in a season - Statistics

General Stats
  • This quiz has been taken 32 times
  • The average score is 7 of 10
Answer Stats
Rank Season Team Wins Loss Ties Overtime Loss % Correct
135 2022-23 Boston Bruins 65 12 0 5
96%
131 1995-96 Detroit Red Wings 62 13 7 0
78%
132 1976-77 Montreal Canadiens 60 8 12 0
78%
128 2018-19 Tampa Bay Lightning 62 16 0 4
78%
122 2021-22 Florida Panthers 58 18 0 6
70%
129 1977-78 Montreal Canadiens 59 10 11 0
70%
127 1975-76 Montreal Canadiens 58 11 11 0
70%
124 2005-06 Detroit Red Wings 58 16 0 8
65%
121 1970-71 Boston Bruins 57 14 7 0
61%
121 2009-10 Washington Capitals 54 15 0 13
48%
No matching quizzes found
Score Distribution
Percent of People with Each Score
Percentile by Number Answered
Your Score History
You have not taken this quiz